00306nam a2200121Ia 45000030006000000080041000060400015000471000030000622450029000922600034001215460012001550050017001670STCL150530s9999 xx 000 0 und d aSTCLcSTCL aWhitman; Jeffares; Editor aSelected poems and prose bOxford University pressc1966 aEnglish20220125171337.0